| 000 | 00891cam a2200265 a 4500 | ||
|---|---|---|---|
| 999 |
_c24296 _d24296 |
||
| 001 | 925668 | ||
| 003 | BDDh-ASL | ||
| 005 | 20231015030340.0 | ||
| 008 | 820814s1981 ja af 000 0 jpn | ||
| 010 | _a 82192645 | ||
| 040 |
_aDLC _cDLC _dDLC _dBDDh-ASL |
||
| 043 | _aa------ | ||
| 050 | 0 | 0 |
_aDS11 _b.G73 1981 |
| 082 | 0 | 0 |
_a950.1 _219 _bGRA |
| 245 | 0 | 0 |
_aGrand and glorious Asia : _bancient monuments of a rich cultural past = [Rakudo zanshō : yomigaere, Ajia no iseki] / _c[edited by the Asian Cultural Centre for Unesco. |
| 260 |
_aTokyo : _bThe Centre, _c1981. |
||
| 300 |
_a83 p., [16] p. of plates : _bcol. ill. ; _c30 cm. |
||
| 650 | 0 |
_aMonuments _zAsia. |
|
| 651 | 0 |
_aAsia _xAntiquities. |
|
| 651 | 0 |
_aAsia _xCivilization. |
|
| 710 | 2 | _aAsian Cultural Centre for Unesco. | |
| 740 | 0 | _aRakudo zanshō. | |
| 906 |
_a7 _bcbc _corignew _d4 _encip _f19 _gy-gencatlg |
||
| 942 |
_2ddc _cBK |
||